000 00326nam a2200133Ia 4500
005 20251222152023.0
008 251222s9999||||xx |||||||||||||| ||spa||
082 _a631.4/M95
100 _aMunive Jaureguí, Honorio Eloy
245 0 _aGuía de Prácticas de Edafología
250 _a1ra.ed.
264 _bUCSS
942 _cLIB
999 _c25368
_d25368